banner koha

Seletividade de cultivares de soja RR submetidos a misturas em tanque de glyphosate + chlorimuron-ethyl associadas a óleo mineral e inseticidas (Registro n. 206007)

MARC details
000 -LÍDER
campo de controle de tamanho fixo 00979nas a2200313 4500
001 - NÚMERO DE CONTROLE
campo de controle BR2010000515
003 - IDENTIFICADOR DO NÚMERO DE CONTROLE
campo de controle BR-BrBNA
005 - DATA E HORÁRIO DA ÚLTIMA TRANSAÇÃO
campo de controle 20231205113848.0
007 - CAMPO FIXO DE DESCRIÇÃO FÍSICA--INFORMAÇÃO GERAL
campo de controle de tamanho fixo ta
008 - CAMPO DE DADOS FIXOS--INFORMAÇÃO GERAL
campo de controle de tamanho fixo 230509b bl.|||p| |||| 00| 00por d
040 ## - FONTE DA CATALOGAÇÃO
Instituição da catalogação original BR-BrBNA
Idioma da catalogação por
Instituição que transcreveu o registro Biblioteca Nacional de Agricultura
041 ## - CÓDIGO DE IDIOMA
Código do idioma do texto/trilha sonora ou título diferente (Pt)
072 ## - CÓDIGO DE CATEGORIA DE ASSUNTO
Código de Categoria de Assunto H60; H50
100 1# - ENTRADA PRINCIPAL--NOME PESSOAL
Nome pessoal Maciel, C.D.G.
100 1# - ENTRADA PRINCIPAL--NOME PESSOAL
Nome pessoal Amstalden, S.L.
100 1# - ENTRADA PRINCIPAL--NOME PESSOAL
Nome pessoal Raimondi, M.A.
100 1# - ENTRADA PRINCIPAL--NOME PESSOAL
Nome pessoal Lima, G.R.G.
100 1# - ENTRADA PRINCIPAL--NOME PESSOAL
Nome pessoal Oliveira Neto, A.M.
100 1# - ENTRADA PRINCIPAL--NOME PESSOAL
Nome pessoal Artuzi, J.P.
245 1# - TÍTULO
Título Seletividade de cultivares de soja RR submetidos a misturas em tanque de glyphosate + chlorimuron-ethyl associadas a óleo mineral e inseticidas
650 ## - ASSUNTO--TERMO TÓPICO
Cabeçalho tópico ou nome geográfico SOJA
650 ## - ASSUNTO--TERMO TÓPICO
Cabeçalho tópico ou nome geográfico HERBICIDA
650 ## - ASSUNTO--TERMO TÓPICO
Cabeçalho tópico ou nome geográfico CONTROLE QUÍMICO
650 ## - ASSUNTO--TERMO TÓPICO
Cabeçalho tópico ou nome geográfico ÓLEO MINERAL
650 ## - ASSUNTO--TERMO TÓPICO
Cabeçalho tópico ou nome geográfico INSETICIDA
773 0# - ENTRADA ANALÍTICA
Título Planta Daninha (Brazil)
ISSN - International Standard Serial Number ISSN 0100-8358
Partes relacionadas (Oct-Dec 2009), v. 27(4) p. 755-768
Número de controle do registro BR2010000515
909 ## -
-- 202311
-- Lúcia
-- 55
-- Lúcia Elande
942 ## - ELEMENTOS DE ENTRADA ADICIONADOS (KOHA)
Fonte da classificação ou esquema de arquivamento na estante Classificação AGRIS
Ocultar no OPAC Não
Tipo de material Koha Analítica
Exemplares
Situação do descarte Fonte da classificação ou esquema de arquivamento na estante Situação física Não pode ser emprestado Biblioteca de origem Biblioteca atual Localização na estante Enumeração do periódico / cronologia Total de empréstimos Data de último acesso Número do exemplar Tipo de material Koha Fonte de aquisição
  Classificação AGRIS   Consulta local Biblioteca Nacional de Agricultura - Binagri Biblioteca Nacional de Agricultura - Binagri   (Oct-Dec 2009), v. 27(4) p. 755-768   29/11/2023 01 Periódicos Portaria Interministerial nº 164/94

BINAGRI

Telefone: (61)3218-2567/2388/3357/2097 - binagri@agro.gov.br

Ministério da Agricultura e Pecuária , Esplanada dos Ministérios, Bloco D, Anexo B, Brasília/DF, CEP: 70.043-900